Tracklist Taciturne + Inachevés Dinos - Statistiques

Statistiques générales
  • Ce quiz a été pris 41 fois
  • Le résultat moyen est 10 sur 30
Statistiques - réponses
Ordre Réponse % Correct
2 XNXX
81%
16 Booska taciturne
71%
20 Coeurjacking
58%
1 On meurt bientôt
58%
11 Arob@se
55%
5 Oskur
48%
4 N'Tiekar
45%
3 OMRI
45%
21 Inachevé
42%
12 Quand les cailleras prient
42%
15 Au revoir
39%
10 Mack le Bizz Freestyle
35%
6 No Love (ft. Marie Plassard
35%
23 Bonjour de loin
26%
8 Frank Ocean
26%
7 Wouuh
26%
9 Adeola interlude
23%
27 No Love Interlude
23%
19 Slide
23%
26 Spedifen400
23%
22 Dur à aimer
19%
13 Les garçons ne pleurent pas (ft. Manu Dibango)
19%
17 Les pleurs du mâle
19%
14 Taciturne (ft. Dosseh)
19%
18 Sagittaire
16%
28 Seka
16%
30 Midtown pt.1
13%
29 Respire (ft. Marie Plassard)
13%
24 Internet ((Demo V2))
6%
25 Puta Madre ((Maquette))
6%
Aucun quiz correspondant
Distribution des résultats
% des personnes avec chaque résultat
Percentile par nombre de réponses
Votre historique - résultats
Vous n’avez pas pris ce quiz